000 01159nam a2200325 a 4500
001 000110955
003 CHAP
005 20220329144152.0
008 141030s2014 mx a fsm |||||||spa d
010 _a107417
011 _a108389
040 _cCHAP
090 _aTesis
100 1 _aVidal Siles, Edgar Francisco
_9128732
245 1 0 _aEfecto de vernalización en la diferenciación floral de zarzamora 'Tuppi'
_h[En línea]
_cpor Edgar Francisco Vidal Siles.
260 _aChapingo, Méx. :
_bEl autor,
_c2014.
500 _aPara ver el contenido del material haga clic en la liga
502 _aTesis (Ing. Agr. Esp. en Fitotecnia) -- UACH. Departamento de Fitotecnia
590 _aE11695DGD
_b10
_c20141030
_lUCH01
_h1200
590 _aE5995AHE
_b05
_c20141030
_lUCH01
_h1010
590 _aE5995AHE
_b05
_c20141030
_lUCH01
_h1012
650 1 4 _aPlantas
_xFloración.
_988841
650 1 4 _aZarzamora
_xCrecimiento.
_9123733
650 1 4 _aZarzamora
_xProducción.
_9123744
650 1 4 _aZarzamora
_xVernalización.
_9128733
856 _aFinding aid
_uhttp://10.13.5.2/tesis/sist110955.pdf
_zTeclea aquí
901 _aBK
942 _cTESIS
942 _n0
999 _c107417
_d107417